| 000 | 00366nam a2200109Ia 4500 | ||
|---|---|---|---|
| 008 | 171204s9999 xx 000 0 und d | ||
| 245 | 3 | _aAn Introduction to Derivative Securities, Financial Markets, and Risk Management: | |
| 245 | _cRobert A. Jarrow | ||
| 260 | _c2013 | ||
| 650 | _xFINANCIAL MANAGEMENT 1-2 | ||
| 856 | _uhttp://down.ebook777.com/044/9780393913071.pdf | ||
| 999 |
_c346974 _d346974 |
||